书目信息 |
| 题名: |
发育生物学
|
|
| 作者: | 赵兴绪 主编 ;刘忠华 , 李发弟 , 陈博 参编 | |
| 分册: | ||
| 出版信息: | 北京 中国农业出版社 2018 |
|
| 页数: | 827页 | |
| 开本: | 26cm | |
| 丛书名: | ||
| 单 册: | ||
| 中图分类: | Q132 | |
| 科图分类: | ||
| 主题词: | 发育生物学--fa yu sheng wu xue | |
| 电子资源: | ||
| ISBN: | 978-7-109-25064-2 | |
| 000 | 01229nam0 2200301 45 | |
| 001 | 012001001037 | |
| 005 | 20140107111215.0 | |
| 010 | @a978-7-109-25064-2@dCNY198.00 | |
| 099 | @aCAL 012019063858 | |
| 100 | @a20190516d2018 em y0chiy50 ea | |
| 101 | 0 | @achi |
| 102 | @aCN@b110000 | |
| 105 | @aak z 000yy | |
| 106 | @ar | |
| 200 | 1 | @a发育生物学@Afa yu sheng wu xue@d= Developmental biology@f赵兴绪主编@zeng |
| 210 | @a北京@c中国农业出版社@d2018 | |
| 215 | @a827页@c图@d26cm | |
| 314 | @a书中题本书参编: 刘忠华, 李发弟, 陈秋生, 崔胜; 制图: 陈博 | |
| 330 | @a全书共分12章, 全面系统介绍了发育生物学的建立与进展及研究技术、发育生物学的基本原理、模式生物发育、动物配子发生与成熟、受精与新个体的创建、胚胎生成与早期胚胎发育、性别决定与性别分化、胚轴形成与体轴形成、形态发生与组织构建、胚层分化与器官发生、植物发育生物学及进化发育生物学的基本理论、基本知识和最新的研究进展。 | |
| 510 | 1 | @aDevelopmental biology@zeng |
| 606 | 0 | @a发育生物学@Afa yu sheng wu xue |
| 690 | @aQ132@v5 | |
| 701 | 0 | @a赵兴绪@Azhao xing xu@4主编 |
| 702 | 0 | @a刘忠华@Aliu zhong hua@4参编 |
| 702 | 0 | @a李发弟@Ali fa di@4参编 |
| 702 | 0 | @a陈博@Achen bo@4制图 |
| 801 | 0 | @aCN@b北京卓展文化@c20191020 |
| 905 | @b1201343-4@dQ132@e267@f2 | |
| 发育生物学= Developmental biology/赵兴绪主编.-北京:中国农业出版社,2018 |
| 827页:图;26cm |
| ISBN 978-7-109-25064-2:CNY198.00 |
| 全书共分12章, 全面系统介绍了发育生物学的建立与进展及研究技术、发育生物学的基本原理、模式生物发育、动物配子发生与成熟、受精与新个体的创建、胚胎生成与早期胚胎发育、性别决定与性别分化、胚轴形成与体轴形成、形态发生与组织构建、胚层分化与器官发生、植物发育生物学及进化发育生物学的基本理论、基本知识和最新的研究进展。 |
| ● |
| 相关链接 |
|
|
|
|
正题名:发育生物学
索取号:Q132/267
 
预约/预借
| 序号 | 登录号 | 条形码 | 馆藏地/架位号 | 状态 | 备注 |
| 1 | 1201343 | 212013435 | 第二样本阅览室/ [索取号:Q132/267] | 在馆 | |
| 2 | 1201344 | 212013444 | 第三借阅区/ [索取号:Q132/267] | 在馆 |